The science of genetics

Saved in:
Bibliographic Details
Main Author: Hexter, William
Format: Book
Language:Undetermined
Published: New Dehli Prentice Hall of India Private Limited 1977
Subjects:
Tags: Add Tag
No Tags, Be the first to tag this record!
Institutions: Trung tâm Học liệu Trường Đại học Cần Thơ
LEADER 00510nam a2200181Ia 4500
001 CTU_80075
008 210402s9999 xx 000 0 und d
082 |a 576.5 
082 |b H614 
100 |a Hexter, William 
245 4 |a The science of genetics 
245 0 |c William Hexter, Henry T. Yost 
260 |a New Dehli 
260 |b Prentice Hall of India Private Limited 
260 |c 1977 
650 |a Science genetics 
904 |i Trọng Hải 
980 |a Trung tâm Học liệu Trường Đại học Cần Thơ